Vytvorenie anotovaných vzoriek šifrovaných symbolov z historických dokumentov
Gespeichert in:
| 1. Verfasser: | |
|---|---|
| Weitere Verfasser: | |
| Format: | Manuskript Buch |
| Sprache: | Slowakisch |
| Veröffentlicht: |
Bratislava :
STU v Bratislave FEI,
2023
|
| Schlagworte: | |
| Online-Zugang: | https://opac.crzp.sk/?fn=detailBiblioFormChildCBOK9&sid=C0DEB8E07572332BA32A0D15805F&seo=CRZP-detail-kniha |
| Tags: |
Keine Tags, Fügen Sie das erste Tag hinzu!
|
MARC
| LEADER | 00000ntm a22000003a 4500 | ||
|---|---|---|---|
| 001 | stuzp92748 | ||
| 003 | SK-STU | ||
| 005 | 20241210112941.7 | ||
| 007 | ta | ||
| 008 | 150427s2015----xo-----f-mn---000-0-slo-d | ||
| 040 | |a STU |b slo | ||
| 041 | 0 | |a slo | |
| 044 | |a xo | ||
| 100 | 1 | |a Budai, Juraj |u 035000 |4 aut |U FEI Fakulta elektrotechniky a informatiky |T FEI Ústav informatiky a matematiky |X 97743 |U E050 |Y 816 |7 97743 | |
| 242 | 0 | 1 | |a Creating annotated dataset of cipher symbols from historical documents |y eng |
| 245 | 1 | 0 | |a Vytvorenie anotovaných vzoriek šifrovaných symbolov z historických dokumentov |
| 260 | |a Bratislava : |b STU v Bratislave FEI, |c 2023 | ||
| 300 | |a 111 s. | ||
| 650 | 4 | |a detekcia a klasifikácia symbolov |2 slo | |
| 650 | 4 | |a state-of-the-art detektory |2 slo | |
| 650 | 4 | |a nomenklátor |2 slo | |
| 650 | 4 | |a šifrovacie kľúče |2 slo | |
| 650 | 4 | |a dataset špeciálnych symbolov |2 slo | |
| 650 | 4 | |a encryption keys |2 eng | |
| 650 | 4 | |a dataset of special symbols |2 eng | |
| 650 | 4 | |a symbol detection and classification |2 eng | |
| 650 | 4 | |a state-of-the-art detectors |2 eng | |
| 650 | 4 | |a nomenclator |2 eng | |
| 700 | 1 | |a Antal, Eugen |u 035000 |k Z1 |4 ths |U FEI Fakulta elektrotechniky a informatiky |T FEI Ústav informatiky a matematiky |X 36087 |U E050 |Y 816 |7 A000036087 | |
| 856 | 4 | |u https://opac.crzp.sk/?fn=detailBiblioFormChildCBOK9&sid=C0DEB8E07572332BA32A0D15805F&seo=CRZP-detail-kniha | |